[Event "DEM U12/U12w 2008"]
[Site "Willingen GER"]
[Date "2008.05.14"]
[Round "6"]
[White "Triantafillidis, Katherina"]
[Black "Michels, Kim"]
[Result "1-0"]
[Termination "normal"]
[Board "47"]
[WhiteElo "993"]
[BlackElo "926"]
[PlyCount "181"]
[WhiteFideId "24692409"]
[BlackFideId "24690066"]
[EventCountry "GER"]
[EventRounds "11"]
[EventType "swiss"]
[EventDate "2008.05.10"]

1. e4 c5 2. Nf3 Nc6 3. Nc3 g6 4. Be2 Bg7 5. O-O d6 6. d3 Nf6 7. Bg5 O-O 8. Qd2
Be6 9. Bh6 Qd7 10. Bxg7 Kxg7 11. a3 a6 12. d4 cxd4 13. Nxd4 Nxd4 14. Qxd4 Rac8
15. e5 dxe5 16. Qxe5 Qd2 17. Bd3 Qh6 18. Rfe1 Kg8 19. Ne4 Ng4 20. Qg3 Rfd8 21.
h3 Nf6 22. Nxf6+ exf6 23. Qf3 Qg5 24. Qe3 Qxe3 25. Rxe3 Bd5 26. Rae1 Be6 27. c3
Rd5 28. Be4 Rd7 29. Bf3 Rcd8 30. Kh2 Rd2 31. R1e2 R2d7 32. b4 b5 33. Bc6 Rd6
34. Bf3 Kg7 35. h4 Bc4 36. Rb2 Be6 37. h5 Bd5 38. hxg6 hxg6 39. Bxd5 Rxd5 40.
Ra2 Rh5+ 41. Rh3 Rdh8 42. Rxh5 Rxh5+ 43. Kg1 f5 44. a4 f4 45. axb5 axb5 46. Rc2
Rg5 47. f3 Rd5 48. c4 bxc4 49. Rxc4 Rd1+ 50. Kf2 Rd2+ 51. Kg1 Rd1+ 52. Kh2 g5
53. b5 Rb1 54. Rc5 Kf6 55. Rc6+ Ke5 56. Rc5+ Kd4 57. Rxg5 Ke3 58. Rc5 Kf2 59.
Rf5 Ke3 60. g3 Kxf3 61. Rxf4+ Ke3 62. Rxf7 Rxb5 63. g4 Rb2+ 64. Kg3 Rb1 65. g5
Rg1+ 66. Kh4 Rh1+ 67. Kg4 Rg1+ 68. Kf5 Kd4 69. g6 Rf1+ 70. Ke6 Re1+ 71. Kd6 Rd1
72. Rc7 Ra1 73. Rc6 Ra7 74. Rc7 Ra6+ 75. Rc6 Ra7 76. Ke6 Ke4 77. Rc4+ Kd3 78.
Rg4 Ra6+ 79. Ke5 Ra5+ 80. Kf4 Ra4+ 81. Kg3 Ra3 82. g7 Ke2+ 83. Kh4 Ra1 84. g8=Q
Rh1+ 85. Kg5 Ke3 86. Qb3+ Kf2 87. Kf4 Rd1 88. Qb2+ Kf1 89. Rg2 Rd2 90. Rxd2 Ke1
91. Qc1# 1-0

[Event "DEM U12/U12w 2008"]
[Site "Willingen GER"]
[Date "2008.05.14"]
[Round "7"]
[White "Lampert, Jonas"]
[Black "Bauer, Andreas"]
[Result "1/2-1/2"]
[Termination "normal"]
[Board "1"]
[WhiteElo "1762"]
[BlackElo "1986"]
[PlyCount "70"]
[WhiteFideId "1303759"]
[BlackFideId "4625030"]
[EventCountry "GER"]
[EventRounds "11"]
[EventType "swiss"]
[EventDate "2008.05.10"]

1. e4 c5 2. Nf3 Nc6 3. d4 cxd4 4. Nxd4 Nf6 5. Nc3 e5 6. Ndb5 d6 7. Bg5 a6 8.
Na3 b5 9. Nd5 Be7 10. Bxf6 Bxf6 11. c3 O-O 12. Nc2 Bg5 13. a4 bxa4 14. Rxa4 a5
15. Bc4 Rb8 16. b3 Kh8 17. Nce3 g6 18. h4 Bxe3 19. Nxe3 Be6 20. h5 Kg7 21. Nd5
Qg5 22. h6+ Kh8 23. g3 f5 24. exf5 Bxf5 25. Qd2 Qxd2+ 26. Kxd2 Be4 27. Rh2 Bf3
28. Nc7 Rfc8 29. Nd5 e4 30. Nf4 Ne5 31. Bd5 Ng4 32. Rh4 g5 33. Rxg4 Bxg4 34.
Ne6 Bf3 35. Kc2 Re8 1/2-1/2

[Event "DEM U12/U12w 2008"]
[Site "Willingen GER"]
[Date "2008.05.14"]
[Round "7"]
[White "Blübaum, Matthias"]
[Black "Nöttling, Dominik"]
[Result "1-0"]
[Termination "normal"]
[Board "2"]
[WhiteElo "1912"]
[BlackElo "1728"]
[PlyCount "55"]
[WhiteFideId "24651516"]
[BlackFideId "24672807"]
[EventCountry "GER"]
[EventRounds "11"]
[EventType "swiss"]
[EventDate "2008.05.10"]

1. d4 Nf6 2. c4 g6 3. Nc3 d5 4. cxd5 Nxd5 5. e4 Nxc3 6. bxc3 Bg7 7. Bc4 O-O 8.
Ne2 c5 9. O-O Nc6 10. Be3 Qc7 11. Bf4 e5 12. Bg3 cxd4 13. cxd4 Qe7 14. d5 Nd4
15. Nxd4 exd4 16. Qd3 Kh8 17. d6 Qe8 18. e5 Bf5 19. Qxd4 Be6 20. Rac1 Qa4 21.
Qd3 Rac8 22. Bxe6 fxe6 23. Qd2 h5 24. Rxc8 Rxc8 25. Rc1 Qd7 26. Rxc8+ Qxc8 27.
d7 Qd8 28. Bh4 1-0

[Event "DEM U12/U12w 2008"]
[Site "Willingen GER"]
[Date "2008.05.14"]
[Round "7"]
[White "Azizi, Nassim"]
[Black "Rührmund, Daniel"]
[Result "1/2-1/2"]
[Termination "normal"]
[Board "3"]
[WhiteElo "1643"]
[BlackElo "1823"]
[PlyCount "54"]
[WhiteFideId "4608119"]
[BlackFideId "24674583"]
[EventCountry "GER"]
[EventRounds "11"]
[EventType "swiss"]
[EventDate "2008.05.10"]

1. d4 Nf6 2. Nf3 c5 3. dxc5 e6 4. a3 Bxc5 5. b4 Be7 6. Bb2 a6 7. c4 d6 8. e3 a5
9. Nbd2 O-O 10. Bd3 b6 11. O-O Na6 12. Qb3 Bb7 13. Bc3 axb4 14. axb4 d5 15.
Rfd1 Qc8 16. Rac1 Qe8 17. Nd4 dxc4 18. Bxc4 Nd5 19. Bb5 Qb8 20. Nc6 Bxc6 21.
Bxc6 Nxc3 22. Rxc3 Bxb4 23. Bxa8 Bxc3 24. Qxc3 Qxa8 25. Rb1 Rb8 26. Qd3 Qb7 27.
Nc4 Qc7 1/2-1/2

[Event "DEM U12/U12w 2008"]
[Site "Willingen GER"]
[Date "2008.05.14"]
[Round "7"]
[White "Falter, Lennart"]
[Black "Svane, Rasmus"]
[Result "1/2-1/2"]
[Termination "normal"]
[Board "4"]
[WhiteElo "1587"]
[BlackElo "1911"]
[PlyCount "46"]
[WhiteFideId "24692077"]
[BlackFideId "4657101"]
[EventCountry "GER"]
[EventRounds "11"]
[EventType "swiss"]
[EventDate "2008.05.10"]

1. e4 c5 2. Nc3 e6 3. f4 Nc6 4. Nf3 d5 5. Bb5 Nge7 6. O-O a6 7. Bxc6+ Nxc6 8.
d3 Be7 9. e5 b5 10. Qe2 Bb7 11. Bd2 Qb6 12. Qf2 a5 13. a4 Ba6 14. axb5 Bxb5 15.
f5 O-O 16. f6 gxf6 17. Bh6 Kh8 18. Bxf8 Rxf8 19. exf6 Bxf6 20. Nxb5 Qxb5 21. c3
Rg8 22. d4 cxd4 23. cxd4 Rg7 1/2-1/2

[Event "DEM U12/U12w 2008"]
[Site "Willingen GER"]
[Date "2008.05.14"]
[Round "7"]
[White "Möhn, Hans"]
[Black "Osmanodja, Filiz"]
[Result "0-1"]
[Termination "normal"]
[Board "5"]
[WhiteElo "1825"]
[BlackElo "1984"]
[PlyCount "108"]
[WhiteFideId "24647837"]
[BlackFideId "24633569"]
[EventCountry "GER"]
[EventRounds "11"]
[EventType "swiss"]
[EventDate "2008.05.10"]

1. e4 c5 2. Nf3 d6 3. d4 cxd4 4. Nxd4 Nf6 5. Nc3 a6 6. Be3 e5 7. Nb3 Be6 8. f3
Be7 9. Qd2 Nbd7 10. g4 Qc7 11. g5 Nh5 12. O-O-O O-O 13. Kb1 b5 14. Nd5 Bxd5 15.
exd5 f5 16. f4 g6 17. Be2 Ng7 18. h4 exf4 19. Bxf4 Nc5 20. Nxc5 Qxc5 21. Be3
Qc7 22. h5 Qd8 23. h6 Ne8 24. Rhg1 Rf7 25. Qd4 Rc8 26. Bc1 Qc7 27. Qd3 Bd8 28.
Bd2 Kf8 29. Bc3 Qc4 30. Qe3 Qc5 31. Qxc5 Rxc5 32. Bb4 Rc8 33. a4 a5 34. Ba3 b4
35. Bxb4 axb4 36. Bb5 Bb6 37. Rge1 Nc7 38. Bc6 Re7 39. Rxe7 Kxe7 40. Re1+ Kf7
41. c3 bxc3 42. b4 Rb8 43. Kc2 Na6 44. Rb1 Bd8 45. Bb5 Nc7 46. Bc6 Bxg5 47. a5
Nb5 48. Ra1 Nd4+ 49. Kd3 Nxc6 50. dxc6 Bd8 51. Kc4 Ra8 52. Kd5 Bc7 53. b5 Rxa5
54. Kc4 Rxa1 0-1

[Event "DEM U12/U12w 2008"]
[Site "Willingen GER"]
[Date "2008.05.14"]
[Round "7"]
[White "Kyas, Philipp"]
[Black "Grewenig, Jan"]
[Result "1-0"]
[Termination "normal"]
[Board "6"]
[WhiteElo "1816"]
[BlackElo "1619"]
[PlyCount "77"]
[WhiteFideId "24670936"]
[BlackFideId "4657330"]
[EventCountry "GER"]
[EventRounds "11"]
[EventType "swiss"]
[EventDate "2008.05.10"]

1. e4 c5 2. Nf3 Nc6 3. d4 cxd4 4. Nxd4 g6 5. c4 Bg7 6. Be3 Nf6 7. Nc3 O-O 8.
Be2 d6 9. f3 Bd7 10. Qd2 a6 11. O-O Rc8 12. Rac1 Re8 13. Nd5 Nxd5 14. cxd5 Nxd4
15. Bxd4 Bxd4+ 16. Qxd4 Qa5 17. a3 Rxc1 18. Rxc1 Rc8 19. Rxc8+ Bxc8 20. Kf1 Bd7
21. Qa7 Qc7 22. Qe3 Qc5 23. Qxc5 dxc5 24. b4 cxb4 25. axb4 Kg7 26. Kf2 g5 27.
Ke3 Bc8 28. Kd4 b6 29. e5 f6 30. e6 Kf8 31. Bd3 h6 32. g3 Bb7 33. f4 Kg8 34.
Be4 Bc8 35. fxg5 fxg5 36. Ke5 Bb7 37. Bd3 Kf8 38. Bg6 a5 39. d6 1-0

[Event "DEM U12/U12w 2008"]
[Site "Willingen GER"]
[Date "2008.05.14"]
[Round "7"]
[White "Gibicar, Danijel"]
[Black "Lebeda, Timo"]
[Result "1/2-1/2"]
[Termination "normal"]
[Board "7"]
[WhiteElo "1662"]
[BlackElo "1889"]
[PlyCount "115"]
[WhiteFideId "24660256"]
[BlackFideId "4638565"]
[EventCountry "GER"]
[EventRounds "11"]
[EventType "swiss"]
[EventDate "2008.05.10"]

1. d4 Nf6 2. Nf3 d5 3. e3 Bf5 4. c4 c6 5. Nc3 e6 6. Bd3 Bxd3 7. Qxd3 Be7 8. O-O
O-O 9. e4 Bb4 10. cxd5 cxd5 11. e5 Nfd7 12. Qb5 Qb6 13. Bd2 Nc6 14. Qxb6 Nxb6
15. b3 Rac8 16. Rac1 a6 17. Nb1 Nd7 18. a3 Be7 19. Rc2 Na7 20. Rfc1 Rxc2 21.
Rxc2 Rc8 22. Rxc8+ Nxc8 23. Ne1 Na7 24. Nc2 Nb5 25. a4 Na7 26. Bb4 Bd8 27. Kf1
Nc6 28. Bc3 f6 29. f4 f5 30. Nd2 g5 31. g3 Kf7 32. Ke2 gxf4 33. gxf4 Kg6 34. h3
Kh5 35. Nf3 Nf8 36. Bd2 Ng6 37. Kf2 Nh4 38. Kg3 Nxf3 39. Kxf3 Bb6 40. Bc3 Kh4
41. Kg2 Ba5 42. b4 Bb6 43. Be1+ Kh5 44. Bc3 a5 45. b5 Nb4 46. Ne1 Na2 47. Bb2
Nb4 48. Bc3 Bd8 49. Nf3 Nd3 50. Kg3 b6 51. Ng1 Bh4+ 52. Kf3 Be1 53. Ke2 Bxc3
54. Kxd3 Be1 55. Nf3 Bh4 56. Ke3 h6 57. Ke2 Bg3 58. Ke3 1/2-1/2

[Event "DEM U12/U12w 2008"]
[Site "Willingen GER"]
[Date "2008.05.14"]
[Round "7"]
[White "Golosnyak, Alexander"]
[Black "Xu, Xianliang"]
[Result "0-1"]
[Termination "normal"]
[Board "8"]
[WhiteElo "1479"]
[BlackElo "1801"]
[PlyCount "80"]
[WhiteFideId "24659703"]
[BlackFideId "4603230"]
[EventCountry "GER"]
[EventRounds "11"]
[EventType "swiss"]
[EventDate "2008.05.10"]

1. e4 b6 2. d4 Bb7 3. Nc3 e6 4. Nf3 Bb4 5. Bd2 Bxc3 6. Bxc3 Bxe4 7. Bd3 Nf6 8.
Qe2 Bxd3 9. Qxd3 d5 10. Ne5 Nfd7 11. Qe2 Nxe5 12. Qxe5 O-O 13. O-O-O Nc6 14.
Qf4 Qd6 15. Qg4 f5 16. Qh4 Qe7 17. Qg3 Qd6 18. Qh4 a5 19. Rd3 Nb4 20. Bxb4 axb4
21. Kb1 Qd8 22. Qh5 Qe8 23. Qh4 Qa4 24. a3 bxa3 25. Rxa3 Qb5 26. Rh3 h6 27. Rg3
Qa5 28. Ra3 Qb4 29. Rg3 Kh7 30. Qh5 Qxd4 31. Qg6+ Kh8 32. Qxe6 Rae8 33. Qg6 Qf6
34. Qh5 Qf7 35. Qh4 Re4 36. Qh3 Rfe8 37. b3 Qf6 38. Rf3 Re1+ 39. Rxe1 Rxe1+ 40.
Ka2 Ra1# 0-1

[Event "DEM U12/U12w 2008"]
[Site "Willingen GER"]
[Date "2008.05.14"]
[Round "7"]
[White "Urban, Lars"]
[Black "Carmesin, Matthias"]
[Result "1/2-1/2"]
[Termination "normal"]
[Board "9"]
[WhiteElo "1857"]
[BlackElo "1641"]
[PlyCount "62"]
[WhiteFideId "4644034"]
[BlackFideId "4635965"]
[EventCountry "GER"]
[EventRounds "11"]
[EventType "swiss"]
[EventDate "2008.05.10"]

1. c4 e5 2. Nc3 Nc6 3. Nf3 d6 4. g3 g6 5. Bg2 Bg7 6. O-O f5 7. d3 Nf6 8. Bd2
O-O 9. Rb1 h6 10. b4 g5 11. b5 Ne7 12. a4 Qe8 13. Ne1 f4 14. e3 Ng6 15. Nc2 Bg4
16. Bf3 Qd7 17. Nd5 Bh3 18. Re1 Ng4 19. exf4 exf4 20. gxf4 gxf4 21. Nxc7 N6e5
22. Bd5+ Kh8 23. Ne6 f3 24. Nxf8 Rxf8 25. Bc3 Nxh2 26. Bxe5 Bxe5 27. Ne3 Qg7+
28. Kh1 Bg2+ 29. Kg1 Bh3+ 30. Kh1 Bg2+ 31. Kg1 Bh3+ 1/2-1/2

[Event "DEM U12/U12w 2008"]
[Site "Willingen GER"]
[Date "2008.05.14"]
[Round "7"]
[White "Stahnecker, Ludwig"]
[Black "Powierski, Emil"]
[Result "1-0"]
[Termination "normal"]
[Board "11"]
[WhiteElo "1694"]
[BlackElo "1564"]
[PlyCount "53"]
[WhiteFideId "24692026"]
[BlackFideId "4656199"]
[EventCountry "GER"]
[EventRounds "11"]
[EventType "swiss"]
[EventDate "2008.05.10"]

1. e4 c5 2. Nf3 Nc6 3. d4 cxd4 4. Nxd4 g6 5. Nc3 Bg7 6. Be3 Nf6 7. Bc4 Qa5 8.
f3 Qb4 9. Nxc6 bxc6 10. Bb3 O-O 11. O-O d6 12. Qd2 a5 13. a3 Qb7 14. a4 Bd7 15.
Bg5 Rfe8 16. Rad1 Bc8 17. f4 Nd7 18. f5 Nf6 19. fxg6 hxg6 20. Bxf6 Bxf6 21. Qh6
Rf8 22. Qxg6+ Kh8 23. Qh6+ Kg8 24. Rd3 Be5 25. Qg6+ Kh8 26. Bxf7 Bg7 27. Qh5+
1-0

[Event "DEM U12/U12w 2008"]
[Site "Willingen GER"]
[Date "2008.05.14"]
[Round "7"]
[White "Holle, Cedric"]
[Black "Peil, Christoph"]
[Result "0-1"]
[Termination "normal"]
[Board "12"]
[WhiteElo "1455"]
[BlackElo "1680"]
[PlyCount "62"]
[WhiteFideId "24692158"]
[BlackFideId "24651800"]
[EventCountry "GER"]
[EventRounds "11"]
[EventType "swiss"]
[EventDate "2008.05.10"]

1. e4 c5 2. d4 cxd4 3. c3 Nf6 4. e5 Nd5 5. cxd4 Nc6 6. Bc4 Nb6 7. Bb3 d5 8. Nf3
Bg4 9. Nc3 e6 10. Be3 Be7 11. Rc1 O-O 12. O-O f6 13. Bf4 Nd7 14. Nxd5 exd5 15.
Bxd5+ Kh8 16. e6 Nb6 17. Bxc6 bxc6 18. Rxc6 Qd5 19. Rc7 Rfe8 20. Re1 Bb4 21.
Re3 Rxe6 22. Rxe6 Qxe6 23. h3 Bh5 24. g4 Bg6 25. g5 Nd5 26. Qb3 Nxc7 27. Qxb4
Nd5 28. Qb7 Re8 29. gxf6 Nxf6 30. Be5 Be4 31. Ng5 Bxb7 0-1

[Event "DEM U12/U12w 2008"]
[Site "Willingen GER"]
[Date "2008.05.14"]
[Round "7"]
[White "Takeuchi, Eiki"]
[Black "Kreyssig, Robert"]
[Result "1/2-1/2"]
[Termination "normal"]
[Board "13"]
[WhiteElo "1778"]
[BlackElo "1775"]
[PlyCount "75"]
[WhiteFideId "24663751"]
[BlackFideId "4662881"]
[EventCountry "GER"]
[EventRounds "11"]
[EventType "swiss"]
[EventDate "2008.05.10"]

1. e4 c6 2. d4 d5 3. f3 e6 4. Nc3 Nd7 5. Bf4 Bb4 6. Bd3 Qe7 7. a3 Ba5 8. Nge2
dxe4 9. fxe4 e5 10. dxe5 Nxe5 11. O-O Nf6 12. Kh1 O-O 13. Qe1 Bc7 14. Bg5 Qd6
15. Qh4 Ng6 16. e5 Qxe5 17. Bxg6 fxg6 18. Rae1 b6 19. Nf4 Qd4 20. Rd1 Qe5 21.
Rde1 Qd6 22. Rd1 Qe5 23. Nd3 Qe6 24. h3 Bb7 25. Rde1 Qd6 26. Bf4 Qd7 27. Ne5
Bxe5 28. Bxe5 Rae8 29. Rd1 Qe6 30. Bd6 Rf7 31. Rfe1 Qc8 32. Bf4 Rxe1+ 33. Rxe1
c5 34. Re2 Qc6 35. Kh2 Re7 36. Qf2 Rxe2 37. Qxe2 Ne4 38. Nxe4 1/2-1/2

[Event "DEM U12/U12w 2008"]
[Site "Willingen GER"]
[Date "2008.05.14"]
[Round "7"]
[White "Wagner, Dennis"]
[Black "Große, Christian"]
[Result "1/2-1/2"]
[Termination "normal"]
[Board "14"]
[WhiteElo "1943"]
[BlackElo "1885"]
[PlyCount "50"]
[WhiteFideId "24650684"]
[BlackFideId "24646156"]
[EventCountry "GER"]
[EventRounds "11"]
[EventType "swiss"]
[EventDate "2008.05.10"]

1. e4 c5 2. Nf3 d6 3. d4 cxd4 4. Nxd4 Nf6 5. Nc3 a6 6. Bc4 e6 7. O-O Nbd7 8.
Re1 Qc7 9. Bb3 Nc5 10. Bg5 Be7 11. f4 O-O 12. e5 Ne8 13. Bxe7 Qxe7 14. Bc4 b5
15. Bf1 Bb7 16. Qh5 dxe5 17. fxe5 Nc7 18. Re3 Nd5 19. Rh3 h6 20. Nxd5 Bxd5 21.
Rg3 Kh8 22. Ne2 Ne4 23. Rd3 Bc4 24. Re3 Qc5 25. Qf3 Bd5 1/2-1/2

[Event "DEM U12/U12w 2008"]
[Site "Willingen GER"]
[Date "2008.05.14"]
[Round "7"]
[White "Niedermayer, Julian Andi"]
[Black "Kuckling, Hannah"]
[Result "1-0"]
[Termination "normal"]
[Board "16"]
[WhiteElo "1739"]
[BlackElo "1531"]
[PlyCount "71"]
[WhiteFideId "24600792"]
[BlackFideId "24603660"]
[EventCountry "GER"]
[EventRounds "11"]
[EventType "swiss"]
[EventDate "2008.05.10"]

1. Nf3 Nf6 2. c4 g6 3. g3 Bg7 4. Bg2 O-O 5. O-O d6 6. Nc3 Nc6 7. d3 a6 8. Rb1
Rb8 9. a3 Bd7 10. b4 b5 11. Qc2 bxc4 12. dxc4 a5 13. b5 Na7 14. a4 Nc8 15. Bb2
Nb6 16. Nd2 Be6 17. Nce4 Nxe4 18. Bxe4 Re8 19. Bxg7 Kxg7 20. Qc3+ Kg8 21. Qxa5
Nxc4 22. Nxc4 Bxc4 23. Bc6 Rf8 24. Qd2 Be6 25. a5 Bd7 26. a6 Bxc6 27. bxc6 Ra8
28. Qa5 Re8 29. a7 d5 30. Rb7 Qd6 31. Qxc7 Qxc7 32. Rxc7 Kf8 33. Rb1 h5 34.
Rcb7 Kg7 35. c7 Rec8 36. Rb8 1-0

[Event "DEM U12/U12w 2008"]
[Site "Willingen GER"]
[Date "2008.05.14"]
[Round "7"]
[White "Neef, Maximilian"]
[Black "Moritz, Aron"]
[Result "1/2-1/2"]
[Termination "normal"]
[Board "17"]
[WhiteElo "1580"]
[BlackElo "1984"]
[PlyCount "43"]
[WhiteFideId "24692085"]
[BlackFideId "24672319"]
[EventCountry "GER"]
[EventRounds "11"]
[EventType "swiss"]
[EventDate "2008.05.10"]

1. d4 d5 2. c4 e6 3. Nc3 Nf6 4. cxd5 exd5 5. Bg5 Nbd7 6. e3 c6 7. Bd3 Be7 8.
Nge2 O-O 9. Qc2 Re8 10. O-O Nf8 11. f3 a6 12. Kh1 h6 13. Bh4 Ne6 14. Rad1 Bd7
15. e4 dxe4 16. fxe4 Rc8 17. e5 Ng4 18. Bf2 Bg5 19. Ne4 Be3 20. Bxe3 Nxe3 21.
Qb1 Re7 22. Nd6 1/2-1/2

[Event "DEM U12/U12w 2008"]
[Site "Willingen GER"]
[Date "2008.05.14"]
[Round "7"]
[White "Schnorr, Christian"]
[Black "Berger, Nadja"]
[Result "1-0"]
[Termination "normal"]
[Board "18"]
[WhiteElo "1650"]
[BlackElo "1380"]
[PlyCount "87"]
[BlackFideId "24692212"]
[EventCountry "GER"]
[EventRounds "11"]
[EventType "swiss"]
[EventDate "2008.05.10"]

1. e4 e5 2. Nf3 Nc6 3. d4 exd4 4. Bc4 h6 5. O-O Bc5 6. c3 dxc3 7. Bxf7+ Kxf7 8.
Qd5+ Ke8 9. Qh5+ Kf8 10. Qxc5+ Qe7 11. Qf5+ Ke8 12. Qh5+ Qf7 13. Qxf7+ Kxf7 14.
Nxc3 Nge7 15. Bf4 d6 16. Nb5 Rd8 17. Nxc7 Rb8 18. Rfd1 b6 19. Bxd6 Rb7 20. Bxe7
Rxd1+ 21. Rxd1 Rxc7 22. Bh4 g5 23. Bg3 Re7 24. Re1 Ba6 25. a3 Kg6 26. Nd2 Rd7
27. Nb1 Nd4 28. Kh1 Nc2 29. Rc1 h5 30. h3 h4 31. Be5 Re7 32. Rxc2 Rxe5 33. Nc3
Bd3 34. Rd2 Bxe4 35. Re2 Kf5 36. Nxe4 Rxe4 37. Rxe4 Kxe4 38. Kg1 Kd3 39. g3 Ke4
40. Kg2 a5 41. f4 hxg3 42. fxg5 Kf5 43. h4 Kg6 44. Kxg3 1-0

[Event "DEM U12/U12w 2008"]
[Site "Willingen GER"]
[Date "2008.05.14"]
[Round "7"]
[White "Müller, Nick"]
[Black "Zimmermann, Christian"]
[Result "1-0"]
[Termination "normal"]
[Board "19"]
[WhiteElo "1571"]
[BlackElo "1645"]
[PlyCount "55"]
[WhiteFideId "24692093"]
[BlackFideId "24692069"]
[EventCountry "GER"]
[EventRounds "11"]
[EventType "swiss"]
[EventDate "2008.05.10"]

1. e4 e5 2. f4 exf4 3. Nf3 Be7 4. Bc4 Bh4+ 5. Kf1 Be7 6. d4 g5 7. Ne5 Bf6 8.
Nxf7 Qe7 9. Qh5 Kf8 10. e5 Bg7 11. b3 b5 12. Ba3 b4 13. Nxh8 bxa3 14. Qxh7 Ke8
15. Qxg8+ Bf8 16. Qg6+ Kd8 17. Nf7+ Ke8 18. Nxg5+ Kd8 19. Nf7+ Ke8 20. Nd6+ Kd8
21. Nf5 Qb4 22. c3 Qb6 23. Qf7 c6 24. Qxf8+ Kc7 25. Qc5 Bb7 26. Qd6+ Kd8 27. e6
Kc8 28. e7 1-0

[Event "DEM U12/U12w 2008"]
[Site "Willingen GER"]
[Date "2008.05.14"]
[Round "7"]
[White "Groetzbach, Julian"]
[Black "Töws, Manuel"]
[Result "1/2-1/2"]
[Termination "normal"]
[Board "20"]
[WhiteElo "1484"]
[BlackElo "1617"]
[PlyCount "82"]
[WhiteFideId "24600938"]
[BlackFideId "24654485"]
[EventCountry "GER"]
[EventRounds "11"]
[EventType "swiss"]
[EventDate "2008.05.10"]

1. d4 Nf6 2. c4 g6 3. Nc3 d5 4. cxd5 Nxd5 5. e4 Nxc3 6. bxc3 Bg7 7. Bc4 c5 8.
Ne2 Nc6 9. Be3 O-O 10. O-O Na5 11. Bd3 Bg4 12. f3 Be6 13. d5 Bd7 14. Bxc5 b6
15. Bb4 Re8 16. Bxa5 bxa5 17. Qd2 e6 18. Rac1 exd5 19. exd5 Bc8 20. c4 Ba6 21.
Rfd1 Rc8 22. c5 Bxd3 23. Qxd3 Bf8 24. d6 Re5 25. c6 Bxd6 26. Qxd6 Qxd6 27. Rxd6
Rxe2 28. c7 Ree8 29. Ra6 Re7 30. Rxa7 Kf8 31. Rxa5 Rexc7 32. Rxc7 Rxc7 33. a4
Rc1+ 34. Kf2 Rc2+ 35. Kg3 Kg7 36. Ra7 Ra2 37. a5 Kf6 38. a6 Kg7 39. Ra8 Kf6 40.
a7 Kg7 41. h4 Ra4 1/2-1/2

[Event "DEM U12/U12w 2008"]
[Site "Willingen GER"]
[Date "2008.05.14"]
[Round "7"]
[White "Eigemann, Frederik"]
[Black "Groetzbach, Daniel"]
[Result "1-0"]
[Termination "normal"]
[Board "21"]
[WhiteElo "1685"]
[BlackElo "1454"]
[PlyCount "75"]
[WhiteFideId "24692034"]
[BlackFideId "24692166"]
[EventCountry "GER"]
[EventRounds "11"]
[EventType "swiss"]
[EventDate "2008.05.10"]

1. e4 e6 2. d3 d5 3. Nd2 c5 4. Ngf3 Nc6 5. g3 Nf6 6. Bg2 Be7 7. O-O O-O 8. Re1
b6 9. e5 Nd7 10. Nf1 Bb7 11. h4 Qb8 12. Bf4 Bd8 13. N1h2 Bc7 14. Qe2 Re8 15.
Bh3 a6 16. c3 b5 17. Rac1 Nf8 18. d4 cxd4 19. cxd4 Bb6 20. Red1 Qa7 21. Be3 Na5
22. b3 Rac8 23. Ng4 Rxc1 24. Rxc1 Nc6 25. Rd1 Rc8 26. h5 Nb4 27. h6 g6 28. Nf6+
Kh8 29. Ng5 Ba8 30. Qf3 Bd8 31. Ne8 Kg8 32. Nxf7 Qxf7 33. Qxf7+ Kxf7 34. Nd6+
Ke7 35. Nxc8+ Kd7 36. Nd6 Nxa2 37. Ra1 Nb4 38. Nxb5 1-0

[Event "DEM U12/U12w 2008"]
[Site "Willingen GER"]
[Date "2008.05.14"]
[Round "7"]
[White "Abdelrazek, Ahmed"]
[Black "Viereck, Marten"]
[Result "1-0"]
[Termination "normal"]
[Board "22"]
[WhiteElo "1673"]
[BlackElo "1414"]
[PlyCount "49"]
[BlackFideId "24692190"]
[EventCountry "GER"]
[EventRounds "11"]
[EventType "swiss"]
[EventDate "2008.05.10"]

1. e4 c5 2. Nf3 Nc6 3. d4 cxd4 4. Nxd4 Nf6 5. Nc3 e6 6. Be3 Be7 7. f4 d5 8. e5
Nd7 9. Qg4 Nxd4 10. Bxd4 Rg8 11. Bd3 g6 12. O-O-O Bc5 13. Bxc5 Nxc5 14. Nb5 h5
15. Nd6+ Kf8 16. Qf3 h4 17. g4 Qa5 18. a3 Qc7 19. Qf2 Rh8 20. Rhf1 a6 21. f5
gxf5 22. gxf5 Nxd3+ 23. Rxd3 Rh5 24. Rc3 Qd8 25. Qc5 1-0

[Event "DEM U12/U12w 2008"]
[Site "Willingen GER"]
[Date "2008.05.14"]
[Round "7"]
[White "Schoepe, Tobias"]
[Black "Schreiber, Kevin"]
[Result "1/2-1/2"]
[Termination "normal"]
[Board "23"]
[WhiteElo "1550"]
[BlackElo "1442"]
[PlyCount "51"]
[WhiteFideId "24692107"]
[BlackFideId "24655830"]
[EventCountry "GER"]
[EventRounds "11"]
[EventType "swiss"]
[EventDate "2008.05.10"]

1. e4 d5 2. exd5 Qxd5 3. d4 Nf6 4. Nf3 c6 5. Be2 Bf5 6. O-O e6 7. Bf4 Be7 8.
Nbd2 O-O 9. Re1 c5 10. c3 Nc6 11. Nb3 cxd4 12. Nfxd4 Nxd4 13. Nxd4 Bg6 14. Bf3
Qd7 15. Qb3 Nh5 16. Be5 Bd6 17. Bxd6 Qxd6 18. Bxb7 Rab8 19. Nc6 Qc7 20. Nxb8
Rxb8 21. Rad1 h6 22. Qa4 Qxb7 23. b3 Nf6 24. Rd4 Rc8 25. c4 Be4 26. f3 1/2-1/2

[Event "DEM U12/U12w 2008"]
[Site "Willingen GER"]
[Date "2008.05.14"]
[Round "7"]
[White "Helle, Samuel"]
[Black "Voggenreiter, Simon"]
[Result "0-1"]
[Termination "normal"]
[Board "24"]
[WhiteElo "1438"]
[BlackElo "1746"]
[PlyCount "54"]
[WhiteFideId "24692182"]
[BlackFideId "24615501"]
[EventCountry "GER"]
[EventRounds "11"]
[EventType "swiss"]
[EventDate "2008.05.10"]

1. d4 Nf6 2. c4 e6 3. Nc3 c5 4. Nf3 g6 5. Bg5 Bg7 6. Qd2 O-O 7. Bh6 d6 8. O-O-O
a6 9. Bxg7 Kxg7 10. e4 Bd7 11. a4 Qa5 12. b3 b5 13. e5 dxe5 14. dxe5 Ne8 15.
cxb5 axb5 16. Bxb5 Bxb5 17. Nxb5 Qb6 18. h4 c4 19. Kb2 cxb3 20. Kxb3 Na6 21.
Ra1 Nec7 22. Kc2 Nxb5 23. axb5 Qxb5 24. Qe3 Nb4+ 25. Kd2 Rad8+ 26. Kc1 Nd3+ 27.
Kc2 Qb2+ 0-1

[Event "DEM U12/U12w 2008"]
[Site "Willingen GER"]
[Date "2008.05.14"]
[Round "7"]
[White "Höpfner, Tim"]
[Black "Stanau, Guido"]
[Result "1-0"]
[Termination "normal"]
[Board "25"]
[WhiteElo "1766"]
[BlackElo "1333"]
[PlyCount "87"]
[WhiteFideId "4638310"]
[BlackFideId "24692255"]
[EventCountry "GER"]
[EventRounds "11"]
[EventType "swiss"]
[EventDate "2008.05.10"]

1. d4 Nf6 2. c4 Nc6 3. Nf3 e6 4. g3 Bb4+ 5. Nbd2 O-O 6. a3 Bxd2+ 7. Bxd2 d6 8.
Bg2 e5 9. dxe5 Nxe5 10. Nxe5 dxe5 11. Qc2 Nd7 12. O-O f5 13. e3 Nf6 14. c5 c6
15. Bc3 Qe7 16. b4 e4 17. Rac1 Ng4 18. Qb2 Be6 19. h3 Nh6 20. Be5 Rfe8 21. Rfd1
Bd5 22. Bd6 Qe6 23. b5 Nf7 24. Bc7 Ng5 25. a4 Nf3+ 26. Kh1 Ne5 27. Bxe5 Qxe5
28. Rd4 a6 29. b6 Re6 30. Bf1 Rh6 31. Kh2 g5 32. Bc4 g4 33. h4 Rxh4+ 34. Kg2
Rh5 35. Rxd5 Qxb2 36. Rd2+ Kg7 37. Rxb2 Rf8 38. Rd2 Kh8 39. Rd7 Rf6 40. Rh1
Rxh1 41. Kxh1 f4 42. gxf4 h5 43. Rxb7 Rf8 44. Rc7 1-0